000 00795nam a2200265Ia 4500
001 Para_4631
003 CHAP
008 220125s1934 xx 000 0 und d
010 _a201816
040 _cCHAP
090 _aPA FOLLETO 1972
245 _aHistory and control of the boll weevil in Oklahoma /
_c C. E. Sanborn
260 _aStillwater, Oklahoma :
_b Agricultural Experiment Station
300 _a32 p.
440 _aOklahoma. Agr. Exp. Sta. Bull; 222
_9166749
650 _aAlgodón
_x Plagas Anthonomus grandis Control de plagas
_9166750
700 _aSamborn, C. E.
_9101901
901 _aPA FOLLETO 1972
902 _aA
905 _a0000001934 STI 0000000000 00
910 _a1934
942 _cPARA
942 _cPARA
_d1
999 _c201816
_d201816